Châu Âu - Qui định và tiêu chuẩn trong xây dựng và phòng cháy chữa cháy
Na minha lista:
| Autor principal: | |
|---|---|
| Formato: | Livro |
| Idioma: | Undetermined |
| Publicado em: |
Hà Nội
Lao động
2010
|
| Assuntos: | |
| Tags: |
Adicionar Tag
Sem tags, seja o primeiro a adicionar uma tag!
|
| Thư viện lưu trữ: | Trung tâm Học liệu Trường Đại học Cần Thơ |
|---|
| LEADER | 00652nam a2200205Ia 4500 | ||
|---|---|---|---|
| 001 | CTU_161076 | ||
| 008 | 210402s9999 xx 000 0 und d | ||
| 020 | |c 95000 | ||
| 082 | |a 624.0218 | ||
| 082 | |b V300 | ||
| 100 | |a Lê, Vi | ||
| 245 | 0 | |a Châu Âu - Qui định và tiêu chuẩn trong xây dựng và phòng cháy chữa cháy | |
| 245 | 0 | |c Lê Vi, Nguyên Ngọc | |
| 260 | |a Hà Nội | ||
| 260 | |b Lao động | ||
| 260 | |c 2010 | ||
| 650 | |a Construction industry,Tiêu chuẩn xây dựng châu Âu | ||
| 650 | |x standard | ||
| 910 | |a Nguyên | ||
| 980 | |a Trung tâm Học liệu Trường Đại học Cần Thơ | ||